[Event "Titled Tuesday intern op 23rd Apr Late"]
[Site "Chess.com INT"]
[Date "2024.04.23"]
[Round "3"]
[White "Wang, Alexander J"]
[Black "Rodriguez Lopez, David"]
[Result "0-1"]
[WhiteElo "1911"]
[BlackElo "2191"]
[PlyCount "40"]
[EventDate "2024.04.23"]
[EventType "swiss (blitz)"]
[EventRounds "11"]
[EventCountry "USA"]
[SourceTitle "CB18_2024"]
[SourceDate "2024.05.01"]
[SourceVersion "1"]
[SourceVersionDate "2024.05.01"]
[SourceQuality "2"]

1. e4 e5 2. Nf3 Nc6 3. Bb5 a6 4. Ba4 Nf6 5. d4 d6 6. dxe5 Nxe4 7. 0-0 Nc5 8. Bxc6+ bxc6 9. exd6 cxd6 10. Re1+ Be7 11. Bg5 Ra7 12. Qe2 Ne6 13. Be3 Rd7 14. Nc3 0-0 15. Nd4 Nxd4 16. Bxd4 Bf6 17. Bxf6 Qxf6 18. Rad1 h6 19. Ne4 Qg6 20. Qc4 d5 0-1

[Event "Titled Tuesday intern op 16th Apr Late"]
[Site "Chess.com INT"]
[Date "2024.04.16"]
[Round "1"]
[White "Shtembuliak, Evgeny"]
[Black "Rodriguez Lopez, David"]
[Result "1-0"]
[WhiteElo "2620"]
[BlackElo "2191"]
[PlyCount "71"]
[EventDate "2024.04.16"]
[EventType "swiss (blitz)"]
[EventRounds "11"]
[EventCountry "USA"]
[SourceTitle "CB17_2024"]
[SourceDate "2024.04.24"]
[SourceVersion "1"]
[SourceVersionDate "2024.04.24"]
[SourceQuality "1"]

1. c4 c6 2. Nc3 Nf6 3. d4 d5 4. cxd5 Nxd5 5. e4 Nxc3 6. bxc3 e5 7. Nf3 exd4 8. cxd4 Bb4+ 9. Bd2 Bxd2+ 10. Qxd2 0-0 11. Bd3 Bg4 12. Bc2 Re8 13. Ne5 Be6 14. 0-0 Nd7 15. Nd3 Bc4 16. Rfe1 Nf6 17. Nc5 b6 18. Nb3 Qd7 19. e5 Nd5 20. Bxh7+ Kxh7 21. Qc2+ g6 22. Qxc4 Kg7 23. Nd2 Rh8 24. Re4 Rac8 25. Rae1 Qf5 26. e6 fxe6 27. Rxe6 Rcf8 28. Nf3 Rf7 29. Qxc6 Nf4 30. Re7 Nh3+ 31. gxh3 Rxh3 32. Rxf7+ Qxf7 33. Ng5 Qf4 34. Qd7+ Kh6 35. Nxh3 Qg4+ 36. Qxg4 1-0

[Event "Titled Tuesday intern op 02nd Apr Early"]
[Site "Chess.com INT"]
[Date "2024.04.02"]
[Round "8"]
[White "Aslanov, Umid Fuad"]
[Black "Rodriguez Lopez, David"]
[Result "0-1"]
[WhiteElo "2239"]
[BlackElo "2191"]
[PlyCount "74"]
[EventDate "2024.04.02"]
[EventType "swiss (blitz)"]
[EventRounds "11"]
[EventCountry "USA"]
[SourceTitle "CB15_2024"]
[SourceDate "2024.04.10"]
[SourceVersion "1"]
[SourceVersionDate "2024.04.10"]
[SourceQuality "1"]

1. e4 e5 2. Nf3 Nc6 3. Bc4 Bc5 4. 0-0 d6 5. c3 Nf6 6. d3 a6 7. a4 Ba7 8. Nbd2 h6 9. Re1 Bg4 10. Nf1 g5 11. Be3 Bh5 12. Bxa7 Rxa7 13. Ng3 Bg6 14. d4 Qe7 15. b4 0-0 16. d5 Nb8 17. Qd2 Nbd7 18. h4 Nh7 19. h5 Kg7 20. hxg6 fxg6 21. Nh2 a5 22. Nhf1 b6 23. Ne3 Rf4 24. Bd3 Qf7 25. f3 Qf8 26. Ne2 Rf7 27. Nc4 Ra8 28. bxa5 bxa5 29. Rab1 Nc5 30. Bc2 Qe7 31. Rb5 Raf8 32. Nxa5 g4 33. Nc6 Qh4 34. g3 Qh3 35. f4 exf4 36. gxf4 g3 37. Qd4+ Kg8 0-1

[Event "Titled Tuesday intern op 02nd Apr Early"]
[Site "Chess.com INT"]
[Date "2024.04.02"]
[Round "7"]
[White "Recuero Guerra, Javier"]
[Black "Rodriguez Lopez, David"]
[Result "0-1"]
[WhiteElo "2152"]
[BlackElo "2191"]
[PlyCount "58"]
[EventDate "2024.04.02"]
[EventType "swiss (blitz)"]
[EventRounds "11"]
[EventCountry "USA"]
[SourceTitle "CB15_2024"]
[SourceDate "2024.04.10"]
[SourceVersion "1"]
[SourceVersionDate "2024.04.10"]
[SourceQuality "1"]

1. e4 e5 2. Nf3 Nc6 3. Bb5 a6 4. Ba4 Nf6 5. 0-0 Be7 6. Re1 b5 7. Bb3 0-0 8. c3 d5 9. d4 dxe4 10. Nxe5 Nxe5 11. dxe5 Qxd1 12. Rxd1 Ng4 13. Bf4 Bc5 14. Rf1 e3 15. fxe3 Nxe3 16. Bxe3 Bxe3+ 17. Kh1 Bb7 18. Na3 c5 19. Rae1 Bg5 20. Bc2 Rae8 21. Bf5 g6 22. Bg4 Re7 23. Nc2 Rfe8 24. e6 f5 25. Bf3 Bxf3 26. Rxf3 Rxe6 27. Rxe6 Rxe6 28. h3 Re2 29. Na3 Rxb2 0-1

[Event "Titled Tuesday intern op 02nd Apr Early"]
[Site "Chess.com INT"]
[Date "2024.04.02"]
[Round "6"]
[White "Rodriguez Lopez, David"]
[Black "Kunal, M."]
[Result "0-1"]
[WhiteElo "2191"]
[BlackElo "2250"]
[PlyCount "112"]
[EventDate "2024.04.02"]
[EventType "swiss (blitz)"]
[EventRounds "11"]
[EventCountry "USA"]
[SourceTitle "CB15_2024"]
[SourceDate "2024.04.10"]
[SourceVersion "1"]
[SourceVersionDate "2024.04.10"]
[SourceQuality "1"]

1. e4 c6 2. Nc3 d5 3. Nf3 a6 4. d4 Bg4 5. Be2 e6 6. 0-0 Nf6 7. Bg5 Be7 8. e5 Nfd7 9. Bxe7 Qxe7 10. Nd2 Bxe2 11. Nxe2 c5 12. c3 Nc6 13. Rc1 0-0 14. a3 cxd4 15. cxd4 Rac8 16. Nb3 Qd8 17. Nc5 Nxc5 18. Rxc5 Ne7 19. b4 b6 20. Rc2 Rxc2 21. Qxc2 Qb8 22. Qd3 Qb7 23. Rc1 Rc8 24. Rc3 h6 25. Kf1 Rxc3 26. Qxc3 Qc6 27. Qd3 Qc4 28. Qxc4 dxc4 29. Ke1 Nd5 30. Kd2 b5 31. g3 Kf8 32. f4 Ke7 33. Ng1 Kd7 34. Nf3 Kc6 35. Ne1 Kb6 36. Nc2 a5 37. h3 h5 38. Kc1 h4 39. gxh4 Nxf4 40. Ne3 axb4 41. axb4 Kc6 42. h5 Nxh5 43. Kd2 Nf4 44. h4 Nd5 45. Ng4 Nxb4 46. h5 Nd5 47. Nf6 b4 48. Ne8 c3+ 49. Kd3 b3 50. Nxg7 b2 51. Kc2 Nb4+ 52. Kb1 Kb5 53. h6 Kc4 54. Nf5 exf5 55. e6 Kb3 56. exf7 c2# 0-1

[Event "Titled Tuesday intern op 12th Mar Early"]
[Site "Chess.com INT"]
[Date "2024.03.12"]
[Round "5"]
[White "Grinev, Valeriy"]
[Black "Rodriguez Lopez, David"]
[Result "1-0"]
[WhiteElo "2422"]
[BlackElo "2200"]
[PlyCount "85"]
[EventDate "2024.03.12"]
[EventType "swiss (blitz)"]
[EventRounds "11"]
[EventCountry "USA"]
[SourceTitle "CB12_2024"]
[SourceDate "2023.10.01"]
[SourceVersion "1"]
[SourceVersionDate "2023.10.01"]
[SourceQuality "1"]

1. d4 d5 2. c4 c6 3. Nf3 Nf6 4. Qc2 g6 5. cxd5 cxd5 6. Nc3 Nc6 7. Bf4 Bg7 8. e3 Bf5 9. Qb3 Qb6 10. Qxb6 axb6 11. Bb5 0-0 12. a3 Rac8 13. Ke2 h6 14. h3 Kh7 15. g4 Be6 16. Rhc1 Nd7 17. b4 Bf6 18. Bd3 Bg7 19. Nb5 f5 20. g5 h5 21. Ne1 Bf7 22. Bh2 Kg8 23. Ra2 e5 24. Rac2 exd4 25. exd4 Rce8+ 26. Kd1 Nxd4 27. Nxd4 Bxd4 28. Bd6 Ne5 29. Bxf8 Kxf8 30. Bb5 Re7 31. Rc8+ Kg7 32. R1c7 Rxc7 33. Rxc7 Bxf2 34. Nd3 Nxd3 35. Bxd3 Kf8 36. Rxb7 Bh4 37. a4 Bxg5 38. a5 bxa5 39. bxa5 Be3 40. a6 f4 41. Ke2 Be6 42. Bxg6 Bxh3 43. Bxh5 1-0

[Event "Titled Tuesday intern op 12th Mar Late"]
[Site "Chess.com INT"]
[Date "2024.03.12"]
[Round "9"]
[White "Hajiyev, Kanan"]
[Black "Rodriguez Lopez, David"]
[Result "1-0"]
[WhiteElo "2104"]
[BlackElo "2200"]
[PlyCount "109"]
[EventDate "2024.03.12"]
[EventType "swiss (blitz)"]
[EventRounds "11"]
[EventCountry "USA"]
[SourceTitle "CB12_2024"]
[SourceDate "2023.10.01"]
[SourceVersion "1"]
[SourceVersionDate "2023.10.01"]
[SourceQuality "1"]

1. d4 d5 2. Nf3 c6 3. c4 Bf5 4. cxd5 cxd5 5. Nc3 Nc6 6. Qb3 e6 7. Qxb7 Rc8 8. e4 Bxe4 9. Bb5 Nge7 10. Ne5 Qc7 11. Qxc7 Rxc7 12. Nxe4 dxe4 13. Bf4 Kd8 14. Nxf7+ Kd7 15. Bxc7 Kxc7 16. Nxh8 Nxd4 17. Ba4 Nd5 18. 0-0 Nf4 19. Nf7 Nd3 20. b3 Ba3 21. Rfd1 Nc2 22. Rab1 Bc5 23. Rd2 Ncb4 24. Ng5 e3 25. Re2 exf2+ 26. Kf1 e5 27. Ne4 Bd4 28. a3 Nd5 29. Rd1 N5f4 30. Nxf2 Nxe2 31. Nxd3 Nc3 32. Rc1 Kd6 33. Nb4 Ne4 34. Rd1 Nc3 35. Rd3 a5 36. Nc2 Kc5 37. Nxd4 exd4 38. Ke1 Nd5 39. Rh3 Ne3 40. Rxh7 Nc2+ 41. Kd2 Nxa3 42. Rxg7 Nb1+ 43. Kd3 Nc3 44. h4 Na2 45. h5 Nb4+ 46. Kd2 Nd5 47. h6 Nc3 48. h7 Kb4 49. Kd3 Ne4 50. Kxe4 d3 51. Kxd3 Ka3 52. h8Q Ka2 53. Qg8 Kb2 54. b4 Ka3 55. Qb3# 1-0

[Event "Titled Tuesday intern op 12th Mar Late"]
[Site "Chess.com INT"]
[Date "2024.03.12"]
[Round "4"]
[White "Rodriguez Lopez, David"]
[Black "Sreyas, Payyappat"]
[Result "0-1"]
[WhiteElo "2200"]
[BlackElo "2078"]
[PlyCount "112"]
[EventDate "2024.03.12"]
[EventType "swiss (blitz)"]
[EventRounds "11"]
[EventCountry "USA"]
[SourceTitle "CB12_2024"]
[SourceDate "2023.10.01"]
[SourceVersion "1"]
[SourceVersionDate "2023.10.01"]
[SourceQuality "1"]

1. e4 c6 2. Nc3 d5 3. Nf3 dxe4 4. Nxe4 f6 5. Bc4 Nd7 6. 0-0 Nb6 7. Bb3 Bg4 8. h3 Bxf3 9. Qxf3 Nh6 10. Re1 Nd5 11. Nc5 Nf7 12. Ne6 Qd7 13. Bxd5 cxd5 14. Qxd5 Qxd5 15. Nc7+ Kd7 16. Nxd5 Rc8 17. c3 e6 18. Ne3 b5 19. a3 a5 20. d4 a4 21. Nf1 Bd6 22. Be3 h5 23. f3 g5 24. Bf2 f5 25. Re2 g4 26. Rae1 Rh6 27. fxg4 hxg4 28. hxg4 f4 29. g3 f3 30. Rc2 Rch8 31. Be3 Rh1+ 32. Kf2 R8h2+ 33. Nxh2 Rxh2+ 34. Kxf3 Rxc2 35. Rh1 Rxb2 36. Rh7 Ke8 37. g5 Nxg5+ 38. Bxg5 Rb3 39. Rh8+ Kf7 40. Bd2 Rxa3 41. Ra8 b4 42. Ke2 bxc3 43. Bc1 Ra2+ 44. Kd3 Ra1 45. Kc2 a3 46. g4 a2 47. Ra7+ Kg6 48. Ra6 Kf6 49. g5+ Kf5 50. g6 Kxg6 51. d5 Kf5 52. dxe6 Kxe6 53. Bf4 Rf1 54. Rxd6+ Kf5 55. Ra6 a1Q 56. Rxa1 Rxa1 0-1

[Event "Titled Tuesday intern op 12th Mar Late"]
[Site "Chess.com INT"]
[Date "2024.03.12"]
[Round "10"]
[White "Rodriguez Lopez, David"]
[Black "Stark, Lars"]
[Result "0-1"]
[WhiteElo "2200"]
[BlackElo "2367"]
[PlyCount "116"]
[EventDate "2024.03.12"]
[EventType "swiss (blitz)"]
[EventRounds "11"]
[EventCountry "USA"]
[SourceTitle "CB12_2024"]
[SourceDate "2023.10.01"]
[SourceVersion "1"]
[SourceVersionDate "2023.10.01"]
[SourceQuality "1"]

1. e4 e6 2. d4 d5 3. exd5 exd5 4. Bd3 c5 5. c3 Nf6 6. Nf3 Nc6 7. 0-0 c4 8. Bc2 Be7 9. Re1 0-0 10. Bf4 Bg4 11. h3 Bh5 12. Nbd2 Re8 13. Nf1 Qb6 14. Rb1 Bg6 15. Ng3 Bf8 16. Ne5 Rad8 17. Bxg6 hxg6 18. Nxc6 Qxc6 19. Bg5 Bd6 20. Bxf6 gxf6 21. Qf3 Kg7 22. Qg4 Bxg3 23. Qxg3 Re6 24. Rxe6 Qxe6 25. Qe3 Qxe3 26. fxe3 f5 27. b4 Re8 28. Kf2 Re4 29. b5 f4 30. exf4 Rxf4+ 31. Ke3 Rf6 32. a4 g5 33. a5 Kg6 34. b6 a6 35. g3 Kh5 36. Ke2 Re6+ 37. Kf3 f5 38. Rf1 Re4 39. Rg1 Kg6 40. g4 f4 41. Rh1 Re3+ 42. Kf2 Kf6 43. h4 gxh4 44. Rxh4 Rxc3 45. Rh7 Kg5 46. Rxb7 Kxg4 47. Rg7+ Kf5 48. Re7 Rc2+ 49. Re2 Rc1 50. Rb2 c3 51. Rb3 c2 52. b7 Rf1+ 53. Kg2 c1Q 54. b8Q Rg1+ 55. Kh2 Rh1+ 56. Kg2 Qg1+ 57. Kf3 Qd1+ 58. Kf2 Rh2# 0-1

[Event "Titled Tuesday intern op 12th Mar Early"]
[Site "Chess.com INT"]
[Date "2024.03.12"]
[Round "3"]
[White "Rustamov, Rustam"]
[Black "Rodriguez Lopez, David"]
[Result "1-0"]
[WhiteElo "2261"]
[BlackElo "2200"]
[PlyCount "113"]
[EventDate "2024.03.12"]
[EventType "swiss (blitz)"]
[EventRounds "11"]
[EventCountry "USA"]
[SourceTitle "CB12_2024"]
[SourceDate "2023.10.01"]
[SourceVersion "1"]
[SourceVersionDate "2023.10.01"]
[SourceQuality "1"]

1. e4 e5 2. Nf3 Nc6 3. Bb5 a6 4. Ba4 Nf6 5. 0-0 Be7 6. d4 exd4 7. e5 Nd5 8. Nxd4 Nb6 9. Nf5 Bf8 10. Re1 Nxa4 11. Nd6+ Bxd6 12. exd6+ Kf8 13. Qg4 Nc5 14. Bf4 Ne6 15. dxc7 Qf6 16. Bd6+ Kg8 17. Nc3 h5 18. Qc4 b5 19. Qf1 h4 20. Nd5 Qxb2 21. Nb6 Qd4 22. Nxa8 Qxd6 23. Rad1 Qf4 24. g3 hxg3 25. fxg3 Qxf1+ 26. Rxf1 Ne7 27. Rd6 Rh5 28. Re1 Rc5 29. Rb6 Kf8 30. Rb8 Nxc7 31. Nb6 Ne8 32. Rxc8 Rxc8 33. Nxd7+ Kg8 34. Rxe7 Nd6 35. Re2 Nf5 36. Nb6 Nd4 37. Re4 Rd8 38. c3 Nf3+ 39. Kg2 Nd2 40. Re7 Nb1 41. Rc7 Rd2+ 42. Kh3 Rxa2 43. Nd7 Rc2 44. Ne5 Rxc3 45. Ra7 Rc5 46. Nxf7 Rc6 47. Ne5 Rh6+ 48. Kg4 Nc3 49. h4 Nd5 50. Kf5 Ne3+ 51. Kf4 Ng2+ 52. Kg5 Kh7 53. h5 b4 54. Ng6 Ne3 55. Ra8 Rxh5+ 56. Kxh5 Nf5 57. Rh8# 1-0

[Event "Titled Tuesday intern op 12th Mar Late"]
[Site "Chess.com INT"]
[Date "2024.03.12"]
[Round "7"]
[White "Yang, Kaiqi"]
[Black "Rodriguez Lopez, David"]
[Result "1-0"]
[WhiteElo "2481"]
[BlackElo "2200"]
[PlyCount "107"]
[EventDate "2024.03.12"]
[EventType "swiss (blitz)"]
[EventRounds "11"]
[EventCountry "USA"]
[SourceTitle "CB12_2024"]
[SourceDate "2023.10.01"]
[SourceVersion "1"]
[SourceVersionDate "2023.10.01"]
[SourceQuality "1"]

1. e4 e5 2. Nf3 Nc6 3. Bc4 Bc5 4. c3 Nf6 5. d4 exd4 6. e5 d5 7. Bb5 Ne4 8. cxd4 Bb6 9. Nc3 0-0 10. Be3 Bg4 11. Qc2 Bxf3 12. gxf3 Ng5 13. Bxc6 bxc6 14. Qe2 Ne6 15. 0-0-0 Qh4 16. Qd3 f6 17. Rhg1 fxe5 18. dxe5 d4 19. Qc4 Qe7 20. Bxd4 Rxf3 21. Rg3 Rf4 22. Ne2 Re4 23. Qxc6 Rxe2 24. Qxa8+ Qf8 25. Qxf8+ Kxf8 26. Bxb6 axb6 27. Rd2 Re1+ 28. Kc2 Rxe5 29. Re3 Rc5+ 30. Kb1 Kf7 31. b4 Rc6 32. Kb2 h6 33. a4 Ng5 34. Rc2 Rf6 35. Rxc7+ Kg6 36. Re2 Nf3 37. b5 Nxh2 38. Rc6 Ng4 39. Ree6 Nxf2 40. Rxf6+ gxf6 41. a5 h5 42. a6 h4 43. a7 h3 44. a8Q h2 45. Rc2 h1Q 46. Qg8+ Kf5 47. Rxf2+ Ke4 48. Qa8+ Ke3 49. Qxh1 Kxf2 50. Qc6 f5 51. Qf6 f4 52. Qxf4+ Ke2 53. Qd6 Ke1 54. Qxb6 1-0

[Event "ESP-chT Rapid"]
[Site "Toledo"]
[Date "2022.09.25"]
[Round "8"]
[White "Millan Soto, Miguel"]
[Black "Rodriguez Lopez, David"]
[Result "0-1"]
[WhiteElo "2095"]
[BlackElo "2159"]
[PlyCount "72"]
[EventDate "2022.09.24"]
[EventType "team-swiss (rapid)"]
[EventRounds "9"]
[EventCountry "ESP"]
[SourceTitle "CBM 210 Extra"]
[Source "ChessBase"]
[SourceDate "2022.11.30"]
[SourceVersion "1"]
[SourceVersionDate "2022.11.30"]
[SourceQuality "1"]
[WhiteTeam "Circulo Ferrolano"]
[BlackTeam "Tajamar"]
[WhiteTeamCountry "ESP"]
[BlackTeamCountry "ESP"]

1. d3 e5 2. Nf3 Nc6 3. e4 Nf6 4. Be2 Bc5 5. 0-0 d6 6. a3 a6 7. b4 Ba7 8. c3 h6 9. Nbd2 0-0 10. Qc2 d5 11. a4 Qe7 12. Ba3 dxe4 13. b5 Bc5 14. Bxc5 Qxc5 15. bxc6 exf3 16. Bxf3 bxc6 17. Nb3 Qd6 18. d4 exd4 19. cxd4 Rb8 20. Na5 Bg4 21. Bxg4 Nxg4 22. g3 Rfe8 23. Nxc6 Rb6 24. Rac1 Re6 25. Ne5 Nxe5 26. dxe5 Rxe5 27. Qxc7 Qxc7 28. Rxc7 Rb4 29. Rd1 Rf5 30. Rd6 Rxa4 31. Ra7 Ra1+ 32. Kg2 Ra2 33. Raxa6 Rfxf2+ 34. Kg1 Rg2+ 35. Kf1 Raf2+ 36. Ke1 Rxh2 0-1

[Event "Madrid-chT Honor 2122"]
[Site "Madrid"]
[Date "2022.03.13"]
[Round "13.2"]
[White "Pulvett Marin, Daniel Eduardo"]
[Black "Rodriguez Lopez, David"]
[Result "1-0"]
[WhiteElo "2498"]
[BlackElo "2147"]
[PlyCount "101"]
[EventDate "2021.11.27"]
[EventType "team-tourn"]
[EventRounds "14"]
[EventCountry "ESP"]
[SourceTitle "EXT 2024"]
[Source "ChessBase"]
[SourceDate "2023.10.10"]
[SourceVersion "1"]
[SourceVersionDate "2023.10.10"]
[SourceQuality "1"]
[WhiteTeam "Collado Villalba"]
[BlackTeam "Tajamar"]
[WhiteTeamCountry "ESP"]
[BlackTeamCountry "ESP"]

1. d4 d5 2. c4 e6 3. Nf3 Nf6 4. g3 Bb4+ 5. Bd2 Be7 6. Bg2 0-0 7. 0-0 Nbd7 8. Qc2 c6 9. Rd1 b6 10. b3 Bb7 11. Bc3 Rc8 12. Nbd2 c5 13. dxc5 bxc5 14. cxd5 exd5 15. Ne5 Nxe5 16. Bxe5 Qb6 17. e3 Rfe8 18. Rac1 Ng4 19. Bb2 Qh6 20. Nf1 Red8 21. Qf5 Qg6 22. Qxg6 hxg6 23. Rc2 Nf6 24. Bxf6 Bxf6 25. Rcd2 Bc3 26. Rd3 Ba5 27. Bxd5 Ba6 28. Bc4 Bxc4 29. Rxd8+ Bxd8 30. bxc4 Rb8 31. Rd5 Kf8 32. Nd2 Ke7 33. Nb3 Rb4 34. Re5+ Kd6 35. Rd5+ Ke7 36. Rxc5 Bb6 37. Re5+ Kd6 38. Re4 Bc5 39. Nxc5 Kxc5 40. Re7 Ra4 41. Rc7+ Kb6 42. Rxf7 Rxa2 43. Rxg7 a5 44. Rxg6+ Kb7 45. h4 a4 46. c5 a3 47. Rb6+ Ka7 48. Rb3 Ka6 49. h5 Ra1+ 50. Kg2 a2 51. Ra3+ 1-0

[Event "Madrid-chT Honor 2122"]
[Site "Madrid"]
[Date "2022.03.06"]
[Round "12.4"]
[White "Renteria Becerra, Jorge Elicer"]
[Black "Rodriguez Lopez, David"]
[Result "1/2-1/2"]
[WhiteElo "2272"]
[BlackElo "2147"]
[PlyCount "120"]
[EventDate "2021.11.27"]
[EventType "team-tourn"]
[EventRounds "14"]
[EventCountry "ESP"]
[SourceTitle "EXT 2024"]
[Source "ChessBase"]
[SourceDate "2023.10.10"]
[SourceVersion "1"]
[SourceVersionDate "2023.10.10"]
[SourceQuality "1"]
[WhiteTeam "Blanco y Negro"]
[BlackTeam "Tajamar"]
[WhiteTeamCountry "ESP"]
[BlackTeamCountry "ESP"]

1. d4 d5 2. c4 e6 3. Nf3 Nf6 4. Nc3 Be7 5. Bf4 0-0 6. e3 Nbd7 7. c5 Nh5 8. Bd3 Nxf4 9. exf4 b6 10. b4 a5 11. a3 bxc5 12. bxc5 Ba6 13. Bxa6 Rxa6 14. 0-0 c6 15. Re1 Bf6 16. Qd3 Ra8 17. Rab1 Qc7 18. g3 Rfb8 19. Ne5 g6 20. Na4 Bxe5 21. fxe5 Rxb1 22. Rxb1 Rb8 23. Rb3 Kf8 24. h4 Ke8 25. Kg2 Rxb3 26. Qxb3 Qb8 27. Qxb8+ Nxb8 28. Kf3 Na6 29. Nb2 Nc7 30. a4 Na6 31. Nd3 Nb4 32. Nc1 Kd7 33. Ke3 Kc7 34. Nb3 Kb7 35. Nxa5+ Ka6 36. Nb3 Nc2+ 37. Kd2 Na3 38. Kc3 Nc4 39. h5 gxh5 40. Kd3 Nb2+ 41. Ke3 Nxa4 42. f4 Kb5 43. f5 exf5 44. Nd2 Nc3 45. Kf4 Ne2+ 46. Kxf5 Nxd4+ 47. Kf6 Kxc5 48. Kxf7 Kb4 49. Kf6 c5 50. Nf3 h6 51. e6 Nxe6 52. Kxe6 d4 53. Kd5 d3 54. Ke4 c4 55. Kd4 Kb3 56. Nd2+ Kc2 57. Nxc4 d2 58. Ne3+ Kc1 59. Ke4 d1Q 60. Nxd1 Kxd1 1/2-1/2

[Event "Madrid-chT Honor 2122"]
[Site "Madrid"]
[Date "2022.02.20"]
[Round "10.4"]
[White "De la Puerta Cresis, Javier"]
[Black "Rodriguez Lopez, David"]
[Result "0-1"]
[WhiteElo "2139"]
[BlackElo "2147"]
[PlyCount "116"]
[EventDate "2021.11.27"]
[EventType "team-tourn"]
[EventRounds "14"]
[EventCountry "ESP"]
[SourceTitle "EXT 2024"]
[Source "ChessBase"]
[SourceDate "2023.10.10"]
[SourceVersion "1"]
[SourceVersionDate "2023.10.10"]
[SourceQuality "1"]
[WhiteTeam "La Didactica"]
[BlackTeam "Tajamar"]
[WhiteTeamCountry "ESP"]
[BlackTeamCountry "ESP"]

1. d4 d5 2. c4 e6 3. g3 Nf6 4. Bg2 Be7 5. Nf3 0-0 6. 0-0 Nbd7 7. Qc2 c6 8. Nbd2 Re8 9. e4 Nxe4 10. Nxe4 dxe4 11. Qxe4 c5 12. Rd1 Qb6 13. Qc2 cxd4 14. Nxd4 e5 15. Nf5 Bc5 16. Be3 Bxe3 17. fxe3 Nf6 18. Nd6 Qxe3+ 19. Kh1 Rf8 20. Nxc8 Raxc8 21. Bxb7 Rc7 22. Bg2 Ng4 23. Rd2 Qh6 24. Bf3 Ne3 25. Qd3 Nf5 26. Bd5 Nxg3+ 27. Kg2 Nh5 28. Kh1 Ng3+ 29. Kg2 Nf5 30. Re1 Nh4+ 31. Kh1 Ng6 32. b4 Rd7 33. a4 Rfd8 34. Rf2 Nf4 35. Qf5 Nxd5 36. cxd5 Qf6 37. Rxe5 Qxf5 38. Rexf5 f6 39. Rc2 Kf7 40. Rc6 Kg6 41. Rf2 Rxd5 42. Ra6 R8d7 43. Kg2 Rg5+ 44. Kf1 Rd1+ 45. Ke2 Rd4 46. b5 Rgg4 47. a5 Rb4 48. Kf3 Rgf4+ 49. Kg3 Rfc4 50. Rxa7 Rxb5 51. Ra2 Rg5+ 52. Kf3 Rc3+ 53. Ke4 Rc4+ 54. Kd3 Rh4 55. a6 Rgg4 56. Rb2 Rh3+ 57. Kc2 Rxh2+ 58. Kb3 Rg3+ 0-1

[Event "Madrid-chT Honor 2122"]
[Site "Madrid"]
[Date "2021.12.12"]
[Round "2.4"]
[White "Martinez Conde Hernandez, Carlos"]
[Black "Rodriguez Lopez, David"]
[Result "1/2-1/2"]
[WhiteElo "2182"]
[BlackElo "2147"]
[PlyCount "94"]
[EventDate "2021.11.27"]
[EventType "team-tourn"]
[EventRounds "14"]
[EventCountry "ESP"]
[SourceTitle "EXT 2024"]
[Source "ChessBase"]
[SourceDate "2023.10.10"]
[SourceVersion "1"]
[SourceVersionDate "2023.10.10"]
[SourceQuality "1"]
[WhiteTeam "Virgen de Atocha"]
[BlackTeam "Tajamar"]
[WhiteTeamCountry "ESP"]
[BlackTeamCountry "ESP"]

1. e4 e5 2. Nf3 Nc6 3. Bb5 a6 4. Ba4 Nf6 5. 0-0 Nxe4 6. d4 b5 7. Bb3 d5 8. dxe5 Be6 9. c3 Be7 10. Nbd2 Nc5 11. Bc2 d4 12. Ne4 d3 13. Nxc5 dxc2 14. Qxd8+ Bxd8 15. Nxe6 fxe6 16. Be3 0-0 17. Rac1 Rxf3 18. gxf3 Nxe5 19. f4 Nf3+ 20. Kg2 Nh4+ 21. Kg3 Be7 22. Rxc2 Rf8 23. Rd2 Nf5+ 24. Kf3 Bd6 25. Ke2 Rf6 26. h3 Rh6 27. Rh1 Rh4 28. Kf3 Rh5 29. b3 Ne7 30. c4 bxc4 31. bxc4 Ng6 32. Rb1 Rxh3+ 33. Kg2 Rh5 34. Rb8+ Kf7 35. c5 Bxf4 36. Rd7+ Kf6 37. Bxf4 Nxf4+ 38. Kf3 Nd5 39. Rf8+ Ke5 40. Rxg7 Kd4 41. c6 Kc5 42. Ra8 Kb6 43. Rg1 Rf5+ 44. Ke2 Nc3+ 45. Ke3 Nd5+ 46. Ke2 Nc3+ 47. Ke3 Nd5+ 1/2-1/2

[Event "Madrid-chT 2021"]
[Site "Madrid"]
[Date "2021.06.06"]
[Round "14.4"]
[White "Fernandez Rosado, Roberto"]
[Black "Rodriguez Lopez, David"]
[Result "1/2-1/2"]
[WhiteElo "2081"]
[BlackElo "2149"]
[PlyCount "66"]
[EventDate "2021.01.23"]
[EventType "team-tourn"]
[EventRounds "14"]
[EventCountry "ESP"]
[SourceTitle "EXT 2022"]
[Source "ChessBase"]
[SourceDate "2021.10.06"]
[SourceVersion "1"]
[SourceVersionDate "2021.10.06"]
[SourceQuality "1"]
[WhiteTeam "Capablanca"]
[BlackTeam "Tajamar"]
[WhiteTeamCountry "ESP"]
[BlackTeamCountry "ESP"]

1. e4 e5 2. Nf3 Nc6 3. Bb5 a6 4. Ba4 Nf6 5. d3 d6 6. c3 g6 7. 0-0 Bg7 8. Nbd2 0-0 9. Re1 h6 10. Nf1 b5 11. Bc2 d5 12. Ng3 dxe4 13. dxe4 Qxd1 14. Rxd1 Be6 15. Be3 Rfd8 16. Nd2 Na5 17. f3 Bf8 18. b4 Nc4 19. Nxc4 Bxc4 20. Bb3 Rxd1+ 21. Rxd1 Bxb3 22. axb3 Kg7 23. Ra1 Be7 24. Ne2 Nh7 25. Nc1 f5 26. Nd3 Bd6 27. c4 fxe4 28. fxe4 c6 29. Bc5 Bc7 30. Kf2 Ng5 31. Ke3 Ne6 32. Ke2 Ng5 33. Be3 Ne6 1/2-1/2

[Event "Madrid-chT 2021"]
[Site "Madrid"]
[Date "2021.05.09"]
[Round "10.4"]
[White "Lopez del Alamo, Antonio"]
[Black "Rodriguez Lopez, David"]
[Result "0-1"]
[WhiteElo "2284"]
[BlackElo "2149"]
[PlyCount "112"]
[EventDate "2021.01.23"]
[EventType "team-tourn"]
[EventRounds "14"]
[EventCountry "ESP"]
[SourceTitle "EXT 2022"]
[Source "ChessBase"]
[SourceDate "2021.10.06"]
[SourceVersion "1"]
[SourceVersionDate "2021.10.06"]
[SourceQuality "1"]
[WhiteTeam "Villalba 64"]
[BlackTeam "Tajamar"]
[WhiteTeamCountry "ESP"]
[BlackTeamCountry "ESP"]

1. e4 e5 2. Bc4 Nc6 3. Nc3 Nf6 4. d3 Bc5 5. f4 d6 6. Nf3 exf4 7. Bxf4 Nd4 8. Qd2 Be6 9. 0-0-0 0-0 10. Bg5 h6 11. Be3 Nxf3 12. gxf3 Bxe3 13. Qxe3 Bxc4 14. dxc4 Qe7 15. Rhg1 Kh7 16. Nd5 Nxd5 17. Rxd5 Rfe8 18. Qf4 g6 19. h4 Rad8 20. h5 c6 21. hxg6+ fxg6 22. Rd2 Rf8 23. Qe3 b6 24. Rh2 h5 25. f4 Rde8 26. Re2 Qf6 27. f5 gxf5 28. Rh2 Qh6 29. Rg5 Rxe4 30. Rgxh5 Rxe3 31. Rxh6+ Kg7 32. Rxd6 c5 33. Kd2 Re4 34. Rd7+ Rf7 35. Rh7+ Kxh7 36. Rxf7+ Kg6 37. Rxa7 f4 38. b3 Kg5 39. a4 Re6 40. Rg7+ Kh4 41. c3 f3 42. b4 f2 43. Rh7+ Kg3 44. Rg7+ Kh2 45. Rh7+ Kg1 46. Rg7+ Kf1 47. a5 bxa5 48. bxc5 Rc6 49. Rg5 a4 50. Kc2 a3 51. Kb3 Rf6 52. c6 Rxc6 53. Kxa3 Rxc4 54. Kb3 Rf4 55. Kc2 Ke2 56. Rg2 Ke3 0-1